00805nam a2200265Ia 45000010006000000050017000060070003000230080041000260200007000670400025000740410008000990820021001071000021001282450090001492500014002392600044002533000029002975040010003266530011003366530021003476530013003689420012003819520129003939990017005221429320240113235529.0ta051121s1952 a g b000 u 465 u cHB aCotton College Assam a465 a582.13bM 315 Sy aMann, Patricia . 0aSystematics of Flowering Plants: An Introduction /cPatricia Mann.hTextual Documents a1st ed. / aLondon :bMethuen and Co. Ltd. ,c1952. ax,307p. :bill ;c18cm . aIndex aBotany aFlowering Plants aG-Botany 2ddccBK 001040708Circulation(G)aSKBLbSKBLd2012-02-01f00000l0o582.13 M 315 Syp30999r2024-01-13 00:00:00t1w2012-02-01yBK c14279d14279